000 01258nam a2200325 i 4500
003 EG-GICUC
005 20260121101242.0
008 251118b1973 ua ||||f |||| 00| 0 ara d
040 _a EG-GICUC
_c EG-GICUC
_d EG-GICUC
_erda
_bara
041 _aara
082 0 4 _221
_a345.25
_bص ب . ت
092 0 4 _221
099 _aLaw1 07 345.25 ص ب . ت 1973
100 0 _aصبحي محرم
_eمؤلف.
245 _aالتقسيم الإداري كمدخل لتطوير الحكم المحلي /
_cإعداد صبحي محرم.
264 _aالقاهرة :
_bجامعة الدول العربية-المنظمة العربية للعلوم الإدارية، مركز البحوث الإدارية،
_c1973.
300 _a42 صفحة ؛
_c24 سم.
336 _2rda content
_atext
337 _2rda media
_aComputer
338 _2rda carrier
_aOnline Resource
490 _v154
546 _aالنص باللغة العربية
650 1 _aالحكم المحلي
_2qrmak
650 1 _aالإدارة العامة
_2qrmak
650 1 _2qrmak
_aالقانون الإداري
650 1 _2qrmak
_aالإدارة المحلية
856 4 0 _uhttps://fll.law.cu.edu.eg/fulltext/bks/B07-00156.pdf
905 _aWesam Mahmoud
942 _2ddc
_n0
_cBK
_e21
999 _c44402
_d44402